Statistieken voor Getallen - Tegelquiz

Klik hier om de quiz te nemen!

Algemene statistieken

  • Deze quiz is 158 keer genomen
  • De gemiddelde score is 71 van 100

Antwoordstatistieken

VraagVakSelect% Correct
Priemgetallen10Nee
97%
Priemgetallen12Nee
97%
Priemgetallen14Nee
97%
Priemgetallen15Nee
97%
Priemgetallen18Nee
97%
Priemgetallen20Nee
97%
Priemgetallen22Nee
97%
Priemgetallen24Nee
97%
Priemgetallen6Nee
97%
Priemgetallen25Nee
96%
Priemgetallen8Nee
96%
Priemgetallen16Nee
95%
Priemgetallen4Nee
93%
Priemgetallen21Nee
92%
Priemgetallen26Nee
92%
Priemgetallen7Ja
92%
Priemgetallen23Ja
91%
Priemgetallen9Nee
91%
Priemgetallen11Ja
90%
Priemgetallen13Ja
90%
Priemgetallen17Ja
87%
getallen die voluit geschreven vier letters hebben1Nee
86%
getallen die voluit geschreven vier letters hebben14Nee
86%
Priemgetallen3Ja
86%
getallen die voluit geschreven vier letters hebben6Nee
86%
getallen die voluit geschreven vier letters hebben9Nee
85%
getallen die voluit geschreven vier letters hebben12Nee
84%
getallen die voluit geschreven vier letters hebben15Nee
84%
Priemgetallen19Ja
83%
getallen die voluit geschreven vier letters hebben11Nee
82%
getallen die voluit geschreven vier letters hebben13Nee
82%
getallen die voluit geschreven vier letters hebben7Nee
82%
getallen die voluit geschreven vier letters hebben4Ja
79%
getallen die deelbaar zijn door 7103Nee
78%
getallen die deelbaar zijn door 7135Nee
77%
volkomen kwadraten150Nee
77%
volkomen kwadraten243Nee
77%
getallen die deelbaar zijn door 7400Nee
77%
getallen die voluit geschreven vier letters hebben5Ja
77%
Priemgetallen5Ja
77%
getallen die voluit geschreven vier letters hebben10Ja
76%
volkomen kwadraten101Nee
76%
volkomen kwadraten148Nee
76%
getallen die deelbaar zijn door 7176Nee
76%
volkomen kwadraten200Nee
76%
volkomen kwadraten216Nee
76%
getallen die deelbaar zijn door 7302Nee
76%
volkomen kwadraten48Nee
76%
getallen die voluit geschreven vier letters hebben2Ja
75%
getallen die voluit geschreven vier letters hebben8Ja
75%
getallen die deelbaar zijn door 721Ja
74%
getallen die deelbaar zijn door 7187Nee
73%
getallen die deelbaar zijn door 7124Nee
72%
volkomen kwadraten128Nee
71%
volkomen kwadraten144Ja
71%
volkomen kwadraten25Ja
71%
volkomen kwadraten255Nee
71%
getallen die voluit geschreven vier letters hebben3Ja
71%
volkomen kwadraten36Ja
70%
volkomen kwadraten360Nee
70%
volkomen kwadraten49Ja
68%
volkomen kwadraten64Ja
67%
volkomen kwadraten81Ja
66%
volkomen kwadraten121Ja
65%
getallen die deelbaar zijn door 756Ja
64%
getallen uit de Rij van Fibbonacci14Nee
62%
getallen uit de Rij van Fibbonacci10Nee
61%
getallen uit de Rij van Fibbonacci19Nee
61%
getallen uit de Rij van Fibbonacci11Nee
60%
getallen uit de Rij van Fibbonacci18Nee
60%
getallen uit de Rij van Fibbonacci20Nee
60%
getallen die deelbaar zijn door 791Ja
60%
getallen uit de Rij van Fibbonacci22Nee
59%
getallen uit de Rij van Fibbonacci25Nee
59%
getallen uit de Rij van Fibbonacci6Nee
59%
getallen uit de Rij van Fibbonacci7Nee
59%
getallen uit de Rij van Fibbonacci9Nee
59%
getallen uit de Rij van Fibbonacci15Nee
58%
volkomen kwadraten169Ja
58%
getallen uit de Rij van Fibbonacci17Nee
58%
getallen uit de Rij van Fibbonacci12Nee
57%
getallen uit de Rij van Fibbonacci23Nee
57%
getallen uit de Rij van Fibbonacci16Nee
56%
getallen uit de Rij van Fibbonacci24Nee
55%
volkomen kwadraten196Ja
54%
getallen uit de Rij van Fibbonacci4Nee
53%
volkomen kwadraten400Ja
52%
getallen die deelbaar zijn door 7154Ja
50%
Priemgetallen2Ja
50%
getallen die deelbaar zijn door 7133Ja
45%
getallen die deelbaar zijn door 7175Ja
45%
getallen die deelbaar zijn door 7413Ja
44%
getallen uit de Rij van Fibbonacci8Ja
44%
getallen uit de Rij van Fibbonacci2Ja
43%
getallen uit de Rij van Fibbonacci1Ja
42%
getallen uit de Rij van Fibbonacci3Ja
40%
getallen uit de Rij van Fibbonacci5Ja
39%
getallen die deelbaar zijn door 7203Ja
38%
getallen uit de Rij van Fibbonacci13Ja
35%
getallen uit de Rij van Fibbonacci21Ja
34%

Scoreverdeling

Percentiel versus Aantal Correcte Antwoorden

Procent van Mensen met Elke Score

Uw Scoregeschiedenis

U heeft deze quiz nog niet genomen